Music Quiz

Random Music or Nominee Quiz

ACM Female Vocalist Nominees Quiz Stats

 Plays Quiz not verified by Sporcle

Support Sporcle.
Go Orange.
Score 0/65 Timer 10:00
0 Plays Today
Hint Answer % Correct
1983-91, 93-96, 09, 10???
92.9%
2005-2016???
89.3%
1969-70, 72-80, 84, 89???
82.1%
1969-79???
82.1%
2004-05???
82.1%
1975, 87-93???
78.6%
1996-98, 01???
78.6%
1990, 94-97, 03???
75%
1994-95, 98-02, 06???
75%
1995-96, 98-99, 02-03???
75%
1997-07, 11-12,14???
75%
2007-13???
75%
1969, 70, 76???
71.4%
1991-92???
71.4%
1976-77, 80-81, 84???
67.9%
1990-94???
67.9%
1991-95???
67.9%
1996-97, 07???
67.9%
2006-2016???
67.9%
1976-80, 83, 85-87???
64.3%
1978-83???
64.3%
2012-16???
60.7%
1987-90???
57.1%
1988???
57.1%
1992-93???
57.1%
1997???
57.1%
2000-02, 04-05, 08-10???
57.1%
2000-01, 03-06, 11???
57.1%
1974???
53.6%
1971, 75, 77???
50%
1982-84, 86???
50%
1998-2000???
50%
1967, 69-71???
46.4%
Hint Answer % Correct
1971-75, 78-79, 84-85???
46.4%
2002-04???
46.4%
1972-74???
42.9%
2016???
42.9%
2015-16???
35.7%
1968-70???
32.1%
1969???
32.1%
1981-82, 85, 87-88???
32.1%
1985-86???
32.1%
1999???
32.1%
1982???
28.6%
1989???
25%
1981-83???
21.4%
2013???
21.4%
2015???
21.4%
1965-67???
14.3%
1986???
14.3%
1966-68???
10.7%
1980-81???
10.7%
2014???
10.7%
2008???
7.1%
1965, 68???
3.6%
1966???
3.6%
1965-66???
0%
1965???
0%
1965???
0%
1966???
0%
1967-69???
0%
1967???
0%
1968-69???
0%
1971-73???
0%
1973???
0%

You're not logged in!

Compare scores with friends on all Sporcle quizzes.
OR
Log In

From the Vault

Does That Animal Live in Africa?

by naqwerty3

Africa is home to both the cutest and most terrifying animals on earth.
Remove Ads.
Support Sporcle.
Get the best of Sporcle when you Go Orange. This ad-free experience offers more features, more stats, and more fun while also helping to support Sporcle. Thank you for becoming a member.

Show Comments

Extras

Created Dec 1, 2017ReportNominate
Tags:Nominee Quiz, ACM, female, Vocalist

Top Quizzes Today


Score Distribution

Your Account Isn't Verified!

In order to create a playlist on Sporcle, you need to verify the email address you used during registration. Go to your Sporcle Settings to finish the process.

Report this User

Report this user for behavior that violates our Community Guidelines.

Details: